Central Library OPAC University of Rajshahi

Democratic phoenix : (Record no. 47815)

MARC details
000 -LEADER
fixed length control field 01152nam a2200325 a 4500
001 - CONTROL NUMBER
control field 47815
003 - CONTROL NUMBER IDENTIFIER
rucl marc code BD-RjUL
005 - DATE AND TIME OF LATEST TRANSACTION
control field 20211209054411.0
008 - FIXED-LENGTH DATA ELEMENTS--GENERAL INFORMATION
fixed length control field 160810s2002 enkab b 001 0 eng
020 ## - INTERNATIONAL STANDARD BOOK NUMBER
International Standard Book Number 0521811775 (hardback)
International Standard Book Number 0521010535 (pbk.)
035 ## - SYSTEM CONTROL NUMBER
System control number (BD-RjUL)47934
040 ## - CATALOGING SOURCE
Original cataloging agency DLC
Transcribing agency DLC
Modifying agency BD-RjUL
Language of cataloging eng
041 ## - LANGUAGE CODE
Language code of text/sound track or separate title eng
082 00 - DEWEY DECIMAL CLASSIFICATION NUMBER
Classification number 323.042
Edition number 23
Author mark and year NOD 2002
100 1# - MAIN ENTRY--PERSONAL NAME
Personal name Norris, Pippa
9 (RLIN) 145182
245 10 - TITLE STATEMENT
Title Democratic phoenix :
Remainder of title reinventing political activism /
Statement of responsibility, etc. Pippa Norris
260 ## - PUBLICATION, DISTRIBUTION, ETC. (IMPRINT)
Place of publication, distribution, etc. Cambridge, UK ;
-- New York, NY :
Name of publisher, distributor, etc. Cambridge University Press,
Date of publication, distribution, etc. c2002
300 ## - PHYSICAL DESCRIPTION
Pagination xiv, 290 p. :
Illustrations ill. ;
Size 24 cm.
504 ## - BIBLIOGRAPHY, ETC. NOTE
Bibliography, etc Includes bibliographical references (p. 267-281) and index.
650 #0 - SUBJECT ADDED ENTRY--TOPICAL TERM
Topical term or geographic name as entry element Political participation.
9 (RLIN) 145183
Topical term or geographic name as entry element Political parties.
9 (RLIN) 145184
Topical term or geographic name as entry element Elections.
9 (RLIN) 145185
Topical term or geographic name as entry element Pressure groups.
9 (RLIN) 145186
Topical term or geographic name as entry element Social movements.
9 (RLIN) 145187
856 42 - ELECTRONIC LOCATION AND ACCESS
Materials specified Publisher description
Uniform Resource Identifier <a href="http://www.loc.gov/catdir/description/cam022/2002020164.html">http://www.loc.gov/catdir/description/cam022/2002020164.html</a>
Materials specified Table of contents
Uniform Resource Identifier <a href="http://www.loc.gov/catdir/toc/cam025/2002020164.html">http://www.loc.gov/catdir/toc/cam025/2002020164.html</a>
942 ## - ADDED ENTRY ELEMENTS (KOHA)
Source of classification or shelving scheme Dewey Decimal Classification
Koha item type Books
Holdings
Lost status Source of classification or shelving scheme Damaged status Not for loan Collection code Permanent Location Current Location Shelving location Date acquired Source of acquisition Cost, normal purchase price Total Checkouts Full call number Date last seen Copy number Koha item type
  Dewey Decimal Classification     Non-fiction Central Library, University of Rajshahi Central Library, University of Rajshahi   09/02/2008 Dhaka pragon enterprise 22.99   323.042 NOD 2002 10/08/2016 C-2 Books
  Dewey Decimal Classification   Not For Loan Non-fiction Central Library, University of Rajshahi Central Library, University of Rajshahi Reading Room 09/02/2008 dhaka, paragon Enterprice ltd. 2299.00   323.042 NOD 2002 17/12/2016 C-1 Books